000
00353nam a2200133Ia 4500
008
151001s9999||||xx |||||||||||||| ||und||
100
_a
शिवराज गोर्ले
245
_a
बुलंद
250
_a
1
260
_b
अंजली प्रकाशन पुणे
260
_c
1990
300
_a
230
365
_b
21
999
_c
970293
_d
970290